| 000 | 00691cab a2200241 4500 | ||
|---|---|---|---|
| 001 | ABS56222 | ||
| 008 | 090401t1996 xxu||||| |||| 00| 0 eng d | ||
| 035 | _a(Sirsi) u22018 | ||
| 041 | _aeng | ||
| 110 |
_aNational Housing Federation _9695 |
||
| 245 | 4 | _aThe Housing Act 1996: tenancy and leasehold issues | |
| 260 | _c1996 | ||
| 350 | _a0 | ||
| 490 |
_aHousing Today _vNHF Update (10) 21 November 1996, 1-4(4) |
||
| 520 | _aOutlines key changes and their commencement dates. | ||
| 650 | _aASSURED TENANCIES | ||
| 650 | _aHOUSING ACT 1996 | ||
| 650 | _aLEASHOLDERS | ||
| 650 | _aSERVICE CHARGES | ||
| 690 | _aPROPERTY-LANDLORD AND TENANT | ||
| 942 | _n0 | ||
| 948 | _c04/03/1997 | ||
| 999 |
_c14746 _d14746 |
||